| 000 | 01035nam a2200301 i 4500 | ||
|---|---|---|---|
| 001 | 8342 | ||
| 003 | KOSZ 005 | ||
| 005 | 20200630132818.0 | ||
| 008 | 070620s1969 pl f 001 0 pol | ||
| 015 | _aPB 1969/6241 | ||
| 040 |
_aWA N _cKOSZ 005/RW _dKOSZ 005/RW |
||
| 080 | _a511 | ||
| 100 | 1 |
_aSierpiński, Wacław _d(1882-1969). _eAutor. |
|
| 245 | 1 | 0 |
_aArytmetyka teoretyczna / _cWacław Sierpiński; przy współudz. Jerzego Łosia. |
| 250 | _aWyd. 5 nie zm. | ||
| 260 |
_aWarszawa : _bPaństwowe Wydawnictwo Naukowe, _c1969. |
||
| 300 |
_a273, [2] s. ; _c25 cm. |
||
| 380 | _aKsiążki. | ||
| 490 | 1 |
_aBiblioteka Matematyczna ; _vt. 7. |
|
| 504 | _aIndeks. | ||
| 655 | 4 | _aPodręcznik | |
| 650 | 4 | _aArytmetyka | |
| 700 | 1 |
_aŁoś, Jerzy _d(1920-1998). _eAutor |
|
| 710 | 2 |
_aPaństwowe Wydawnictwo Naukowe _4pbl. |
|
| 830 | 0 |
_aBiblioteka Matematyczna, _vt. 7. |
|
| 856 |
_uhttp://koha.tu.koszalin.pl/cgi-bin/koha/opac-detail.pl?biblionumber=8342 _yKatalog online BPK |
||
| 942 |
_2UKD _cKS |
||
| 999 |
_c8342 _d8342 |
||